Le Schpountz : The Schpountz /

Schpountz is convinced he has a calling to become a great tragic movie actor. He only too willingly becomes the butt of a practical joke perpetrated by some visiting movie people. They sign him up to a phony contract and invite him to Paris where he becomes a great star of comedy, not of tragedy.

Bibliographic Details
Corporate Authors: Interama Video Classics (Firm), Société Nouvelle des Films Marcel Pagnol
Other Authors: Pagnol, Marcel, 1895-1974, Fernandel, 1903-1971, Demazis, Orane, 1904-1991, Charpin, Fernand, 1887-1944, Poupon, Henri, 1882-1953
Format: Video VHS
Language:French
Language Notes:In French with English subtitles.
Published: New York, NY : Interama Video Classics, [1994]
Subjects:

MARC

Tag First Indicator Second Indicator Subfields
LEADER 00000cgm a2200000Ia 4500
001 in00001800521
005 20151026051330.0
007 vf bbahou
008 040225p19941936fr 129 g vlfre d
028 4 2 |a 0583  |b Interama Video Classics 
028 4 2 |a 5837  |b Interama Video Classics 
035 |a (OCoLC)ocm34230905 
040 |a IUL  |c IUL  |d TXA  |d UtOrBLW 
041 1 |a fre  |j eng 
049 |a TXAM 
090 |a PN1995.9.F67  |b S4238 1994 
245 0 3 |a Le Schpountz :  |b The Schpountz /  |c un film de Marcel Pagnol. 
246 1 |i Title on container:  |a Marcel Pagnol's Le Schpountz 
264 1 |a New York, NY :  |b Interama Video Classics,  |c [1994] 
300 |a 1 videocassette (128 min., 45 sec.) :  |b sound, black and white ;  |c 1/2 in. 
336 |a two-dimensional moving image  |b tdi  |2 rdacontent 
337 |a video  |b v  |2 rdamedia 
338 |a videocassette  |b vf  |2 rdacarrier 
538 |a VHS format. 
546 |a In French with English subtitles. 
511 1 |a Fernandel, Orane Demazis, Charpin, Henri Poupon. 
508 |a Writer/director, Marcel Pagnol ; photography, Willy ; music, Casimir Oberfeld. 
500 |a "La Société nouvelle des films Marcel Pagnol présente." 
500 |a Running time on cassette label: 128:45; on container: 135 min. 
500 |a Based on the novel by Marcel Pagnol. 
500 |a Originally released in 1936 as motion picture. 
500 |a First released in France. 
520 |a Schpountz is convinced he has a calling to become a great tragic movie actor. He only too willingly becomes the butt of a practical joke perpetrated by some visiting movie people. They sign him up to a phony contract and invite him to Paris where he becomes a great star of comedy, not of tragedy. 
500 |a Videorecording. 
655 0 |a Foreign films. 
655 0 |a Motion pictures, French. 
655 7 |a Feature films.  |2 lcgft 
700 1 |a Pagnol, Marcel,  |d 1895-1974. 
700 0 |a Fernandel,  |d 1903-1971. 
700 1 |a Demazis, Orane,  |d 1904-1991. 
700 1 |a Charpin, Fernand,  |d 1887-1944. 
700 1 |a Poupon, Henri,  |d 1882-1953. 
700 1 |a Pagnol, Marcel,  |d 1895-1974.  |t Schpountz. 
710 2 |a Interama Video Classics (Firm) 
710 2 |a Société Nouvelle des Films Marcel Pagnol. 
948 |a cataloged  |b h  |c 2004/4/8  |d c  |e mphillip  |f 5:21:42 pm 
994 |a E0  |b TXA 
999 |a MARS 
999 f f |s 102bbcfd-8409-393a-90e7-4bca7f79185b  |i bfce73b5-d111-3514-84c3-e9f28d2c8ce7  |t 0 
952 f f |p ric  |a Texas A&M University  |b Rellis Campus  |c Joint Library Facility  |d Remote Storage  |t 0  |e PN1995.9.F67 S4238 1994  |h Library of Congress classification  |i video -- videocassette  |m A14831130209 
998 f f |a PN1995.9.F67 S4238 1994  |t 0  |l Remote Storage